000 nam a22 7a 4500
999 _c144472
_d144470
005 20180919144505.0
008 180919b mx ||||| |||| 00| 0 spa d
020 _a9786074625769
050 0 4 _aJL1265
_bM33 2015
100 1 _aMac Gregor, Josefina
245 1 0 _aLa XXVI legislatura :
_bun episodio en la historia legislativa de México /
_cJosefina Mac Gregor
250 _a1a ed.
260 _aMéxico :
_bEl Colegio de México,
_c2015
300 _a215 p. :
_bil.,
_c17 cm.
490 0 _aJornadas ;
_v164
504 _aIncluye bibliografía e índice.
650 7 _2lemb
_aCuerpos legislativos
_zMéxico
_xHistoria
_ySiglo XX
650 7 _2lemb
_aMéxico
_xPolítica y gobierno
_y1910-1946
942 _2lcc
_cLIB